Adivina el álbum por la portada - Estadísticas

Estadísticas generales
  • Esta prueba ha sido intentada 148 veces
  • La puntuación promedio es 7 de 20
Estadísticas de respuestas
Imagen Respuesta % Correcto
Abbey Road
77%
Nevermind
76%
Igor
66%
Bad
65%
Parachutes
49%
Wish You Were Here
45%
Mr. Morale & The Big Steppers
43%
808s & Heartbreak
41%
Discovery
35%
Led Zeppelin IV
25%
Let It Bleed
24%
Homogenic
23%
Purpose
23%
Relapse
23%
Arrival
20%
Blonde on Blonde
19%
Maggot Brain
18%
Aja
15%
Bat Out of Hell
14%
Talking Book
11%
No se encontraron pruebas coincidentes
Distribución de puntuación
Porcentaje de gente con cada puntuación
Porcentaje por número respondido
Historial de tus puntuaciones
No has intentado esta prueba.